[Event "DVM U20w 2014"]
[Site "Naumburg (Saale) GER"]
[Date "2014.12.27"]
[Round "1"]
[White "Rosmanitz, Anna"]
[Black "Neumann, Isabel"]
[Result "0-1"]
[Termination "normal"]
[Board "6.2"]
[WhiteElo "1601"]
[BlackElo "1626"]
[WhiteTeam "SC 1979 Hattersheim"]
[BlackTeam "SV 1919 Grimma"]
[PlyCount "102"]
[WhiteFideId "12910058"]
[BlackFideId "12964468"]
[EventCountry "GER"]
[EventRounds "7"]
[EventType "team-swiss"]
[EventDate "2014.12.26"]

1. e4 c5 2. Nc3 e6 3. f4 Nc6 4. Bb5 Nge7 5. Bxc6 Nxc6 6. Nf3 d5 7. d3 Be7 8.
O-O O-O 9. Qe1 f5 10. Qg3 d4 11. Ne2 Nb4 12. Bd2 Nxc2 13. Rac1 Ne3 14. Bxe3
dxe3 15. Ne5 fxe4 16. Qxe3 exd3 17. Nxd3 b6 18. Rfd1 Qe8 19. Qe4 Rb8 20. Ne5
Bb7 21. Qc4 Bd5 22. Qc2 Rd8 23. b3 Qh5 24. Ng3 Qh6 25. Ne2 Bd6 26. Qc3 Qf6 27.
Qe3 Bxe5 28. fxe5 Qg6 29. Ng3 Rf7 30. Rd2 Qg4 31. Rcd1 Qf4 32. Qe2 Qb4 33. Qe1
b5 34. h3 c4 35. bxc4 bxc4 36. Rb1 Qc5+ 37. Kh2 Rdf8 38. Ne4 Bxe4 39. Qxe4 Rf4
40. Qe2 Rf2 41. Qd1 Qxe5+ 42. Kg1 Rxd2 43. Qxd2 c3 44. Qc1 Qd4+ 45. Kh2 e5 46.
Qe1 e4 47. Rc1 Qd2 48. Qg1 e3 49. Rd1 Qf2 50. Qe1 c2 51. Rc1 Qd2 0-1

[Event "DVM U20w 2014"]
[Site "Naumburg (Saale) GER"]
[Date "2014.12.27"]
[Round "1"]
[White "Könze, Heike"]
[Black "Neisius, Laura"]
[Result "1-0"]
[Termination "normal"]
[Board "6.3"]
[WhiteElo "1561"]
[BlackElo "1372"]
[WhiteTeam "SV 1919 Grimma"]
[BlackTeam "SC 1979 Hattersheim"]
[PlyCount "73"]
[WhiteFideId "12964476"]
[BlackFideId "12910040"]
[EventCountry "GER"]
[EventRounds "7"]
[EventType "team-swiss"]
[EventDate "2014.12.26"]

1. e4 d5 2. exd5 Qxd5 3. Nc3 Qa5 4. d4 c6 5. Nf3 Bf5 6. Bc4 e6 7. Bd2 Qc7 8.
Nh4 Ne7 9. Be3 Ng6 10. Nxf5 exf5 11. Qd3 f4 12. Bd2 Nd7 13. O-O Nf6 14. Rfe1+
Be7 15. Qf5 O-O 16. Ne4 Rad8 17. Bc3 b5 18. Bb3 b4 19. Nxf6+ gxf6 20. Bd2 Rxd4
21. Bc1 Rfd8 22. c3 bxc3 23. bxc3 Rd3 24. Bb2 Qb6 25. Re2 Rd2 26. Rae1 Kg7 27.
Kf1 Bc5 28. c4 Be7 29. Bc3 R2d7 30. Rxe7 Rd6 31. Rxf7+ Kxf7 32. c5+ Qxb3 33.
axb3 Ne7 34. Qh5+ Ng6 35. Qxh7+ Kf8 36. Qxg6 R6d7 37. Bxf6 1-0

[Event "DVM U20w 2014"]
[Site "Naumburg (Saale) GER"]
[Date "2014.12.27"]
[Round "1"]
[White "Goldhausen, Nina"]
[Black "Hagenbeck-Hübert, Lara"]
[Result "0-1"]
[Termination "normal"]
[Board "6.4"]
[WhiteElo "1179"]
[BlackElo "1512"]
[WhiteTeam "SC 1979 Hattersheim"]
[BlackTeam "SV 1919 Grimma"]
[PlyCount "98"]
[WhiteFideId "12927309"]
[BlackFideId "12964484"]
[EventCountry "GER"]
[EventRounds "7"]
[EventType "team-swiss"]
[EventDate "2014.12.26"]

1. c4 c5 2. Nc3 Nf6 3. g3 Nc6 4. Nf3 d5 5. cxd5 Nxd5 6. Bg2 Nc7 7. O-O e6 8. d3
Be7 9. Bf4 O-O 10. Rc1 Bd7 11. Na4 b6 12. Ne5 Qe8 13. Nxd7 Qxd7 14. Nc3 e5 15.
Be3 Rfd8 16. Qa4 Na5 17. Qxd7 Rxd7 18. Rb1 Ne6 19. Bd2 Nc4 20. Rfd1 Nxd2 21.
Rxd2 Rad8 22. Rdd1 f5 23. Bh3 g6 24. Re1 Nd4 25. Kh1 Kg7 26. Bg2 Kf6 27. Rbc1
Bf8 28. e3 Ne6 29. Bf1 Nc7 30. Rcd1 Nd5 31. Nxd5+ Rxd5 32. Rd2 c4 33. Red1 Bb4
34. Rc2 cxd3 35. Rcc1 e4 36. a3 Be7 37. Bg2 Rc5 38. Kg1 Rdc8 39. Rxc5 bxc5 40.
f3 Ke5 41. fxe4 fxe4 42. Kf2 c4 43. Bf1 Bg5 44. Bh3 Rf8+ 45. Ke1 Bxe3 46. Rb1
Rf2 47. Kd1 Rxh2 48. Bf1 Bg5 49. Ke1 e3 0-1